000 01262naa a2200349 c 4500
001 47156
003 ES-MaCES
005 20160225130050.0
008 160225s2015 sp ||||| t||||||| ||spa d
040 _aES-MaCES
_bspa
_cES-MaCES
_dES-MaCES
245 0 0 _aControl de fronteras y derechos humanos
_b: más allá de la seguridad
_cNúmero coordinado por Claudia Jiménez y Mirentxu Jordana
650 4 _929805
_amigración internacional
650 4 _926677
_afrontera
650 4 _930619
_ainmigración ilegal
650 4 _928751
_aseguridad
650 4 _929496
_aprotección de los datos
650 4 _929918
_amecanismo de control
650 4 _927046
_adelito
650 4 _926635
_acooperación internacional
650 4 _926884
_aMéxico
650 4 _926892
_aPerú
650 4 _926857
_aBrasil
650 4 _926865
_aColombia
650 4 _926752
_aUE
650 4 _926964
_aEspaña
653 1 0 _aCiencias Sociales-Políticas
700 1 _936509
_aJiménez, Claudia
700 1 _936510
_aJordana, Mirentxu
773 0 _984016
_dBarcelona CIDOB
_o086918
_tRevista CIDOB d'afers internacionals
_w(ES-MaCES)25976
_gNueva ép., n. 111 (dic. 2015) {55/1022 R. 086918} ; 221p.
902 _aMON Monográfico de revista
942 _2CES
_cAR
_h7.0.
999 _c47156
_d47156